त्रिवेणी / (Record no. 28426)

MARC details
000 -LEADER
fixed length control field 01150nam a22002657a 4500
005 - DATE AND TIME OF LATEST TRANSACTION
control field 20090718161253.0
008 - FIXED-LENGTH DATA ELEMENTS--GENERAL INFORMATION
fixed length control field 090714t xxu||||| |||| 00| 0 hin d
010 ## - LCCN (DPL NO)
LC control number HIN-87339
020 ## - INTERNATIONAL STANDARD BOOK NUMBER
Terms of availability 225.00
035 ## - SYSTEM CONTROL NUMBER
System control number HN-59685
037 ## - SOURCE OF ACQUISITION
Source of stock number/acquisition DBAD / PUB
040 ## - CATALOGING SOURCE
Original cataloging agency dpl
Language of cataloging hn
082 ## - DEWEY DECIMAL CLASSIFICATION NUMBER
Classification number 230.3
245 ## - TITLE STATEMENT
Title त्रिवेणी /
Statement of responsibility, etc विवेक कुमार सिंह द्वारा संपादित
246 ## - VARYING FORM OF TITLE
Title proper/short title Triveni
Remainder of title edited by Vivek Kumar Singh
260 ## - PUBLICATION, DISTRIBUTION, ETC. (IMPRINT)
Place of publication, distribution, etc फर्रूखाबाद
Name of publisher, distributor, etc विवेक प्रकाशन
Date of publication, distribution, etc 2009
270 ## - ADDRESS
Address राजेपुर
City फर्रूखाबाद
Postal code 209621
Telephone number 05692-310214, 9621453480
300 ## - PHYSICAL DESCRIPTION
Extent 150पृ.
Dimensions 22सेमी(सजिल्द)
650 ## - SUBJECT ADDED ENTRY--TOPICAL TERM
Topical term or geographic name as entry element अध्यात्मवाद
650 ## - SUBJECT ADDED ENTRY--TOPICAL TERM
Topical term or geographic name as entry element Spritualism
650 ## - SUBJECT ADDED ENTRY--TOPICAL TERM
Topical term or geographic name as entry element हिन्दू धर्म
650 ## - SUBJECT ADDED ENTRY--TOPICAL TERM
Topical term or geographic name as entry element Hinduism
942 ## - ADDED ENTRY ELEMENTS (KOHA)
Source of classification or shelving scheme Dewey Decimal Classification
Item type Hindi Books
Call number suffix विवेक
Classification part 230.3
Holdings
Withdrawn status Lost status Source of classification or shelving scheme Damaged status Not for loan Home library Current library Date acquired Source of acquisition Cost, normal purchase price Total Checkouts Full call number Barcode Date last seen Copy number Cost, replacement price Koha item type
    Dewey Decimal Classification   Not For Loan D.B.Act.Division D.B.Act.Division 18/07/2009 DBAD / PUB 225.00   230.3 विवेक HN-59685 18/07/2009 1 225.00 Hindi Books

© Delhi Public Library
Hit Counter
free hit counter